000 00429nam a22001337a 4500
003 LK-CoMWRAF
005 20240201224104.0
008 240201b |||||||| |||| 00| 0 eng d
040 _aLK-CoMWRAF
_dLK-CoMWRAF
_eLK-CoMWRAF
041 _aeng
245 _aIt's up to us :
_bA Program guide on human rights for human rights day and other occasions
260 _aOttawa :
_bDepartment of citizenship and immigration,
_c1964
942 _cBK
999 _c4715
_d4715